000
nam a22 7a 4500
999
_c
51234
_d
51234
003
OSt
005
20211228095538.0
008
211228b xxu||||| |||| 00| 0 eng d
040
_c
sero soft
100
_a
AIR
245
_a
All India Reporter
260
_a
Nagpur
_b
AIR Nagpur
300
_a
475
942
_2
ddc
_c
04